| 000 | 00803nac a22003010a 4500 | ||
|---|---|---|---|
| 001 | PT52248 | ||
| 003 | AR-LpoUNG | ||
| 005 | 20210201005516.0 | ||
| 008 | 201001s2012||||ag |||||||||||||||||spa d | ||
| 020 |
_a9789870421405 _c$ARGENTINA |
||
| 040 |
_aAR-LpoUNG _bspa _eaacr |
||
| 041 | _aspa | ||
| 044 | _aag | ||
| 082 | 0 | _aA863 827v2 | |
| 100 | 1 | _aCortázar, Julio | |
| 245 | 1 | 0 |
_aCartas : _b1955-1964 |
| 250 | _a1ra. ed. | ||
| 260 |
_aBuenos Aires : _bAguilar - Altea - Taurus - Alfaguara, _cfebrero 2012. |
||
| 300 |
_a671 p. : _bil. _a(5 _fVolúmenes) _3Impreso |
||
| 490 | 0 | _aCartas | |
| 650 | 4 | _aARGENTINA | |
| 650 | 4 | _aCORRESPONDENCIA | |
| 650 | 4 | _aLITERATURA | |
| 651 | 4 | _aDOCUMENTOS TEORICOS O METODOLOGICOS | |
| 653 | _aLITERATURA ARGENTINA | ||
| 905 | _a52248 | ||
| 942 | _cLSALA | ||
| 999 |
_c49961 _d49961 |
||